000 00880cam a2200277 4500
999 _c7676
_d7676
001 7676
003 BD-JhCC
005 20181006174703.0
008 710930r1971 nyu 000 0 eng
020 _a0836925203
035 _a(BD-JhCC)7676
040 _aDLC
_cDLC
_dDLC
_dBD-JhCC
041 _aeng
050 0 0 _aLA216
_b.S35 1971
082 0 0 _a370/.973
_bSCO 1971
100 1 _aScott, Cecil Winfield,
_d1905-
245 1 0 _aPublic education under criticism /
_cby C. Winfield Scott and Clyde M. Hill.
260 _aFreeport, N.Y.,
_bBooks for Libraries Press
_c[1971, c1954]
300 _axiv, 414 p.
_c27 cm.
490 0 _aEssay index reprint series
500 _aOriginal ed. issued in series: Prentice-Hall education series.
650 0 _aEducation
_zUnited States.
700 1 _aHill, Clyde M.
_q(Clyde Milton),
_d1886-
942 _2ddc
_cBK